Perfiles económicos Asia Pacífico 2001
Đã lưu trong:
| Tác giả của công ty: | |
|---|---|
| Định dạng: | Sách |
| Ngôn ngữ: | Tiếng Tây Ban Nha |
| Được phát hành: |
Santiago
Fundación Chilena Pacífico
2001
|
| Loạt: | Estudio, 1. Japón y Corea
|
| Những chủ đề: | |
| Các nhãn: |
Thêm thẻ
Không có thẻ, Là người đầu tiên thẻ bản ghi này!
|
MARC
| LEADER | 00000nam a2200000 a 4500 | ||
|---|---|---|---|
| 001 | UCN7242 | ||
| 003 | CL-VaPUC | ||
| 008 | 011012e20010000CL |||||||||||||||||spa|d | ||
| 082 | 0 | 4 | |a 330.95 |b FUN |2 21 |
| 110 | 2 | |a Fundación Chilena del Pacífico |e author |9 463088 | |
| 245 | 1 | 0 | |a Perfiles económicos Asia Pacífico 2001 |
| 300 | |a pág. irreg | ||
| 942 | |c BK | ||
| 945 | |d 20011012 00:00:00 |a crobeson | ||
| 260 | |a Santiago |b Fundación Chilena Pacífico |c 2001 | ||
| 650 | 7 | |a ECONOMIA JAPONESA |2 CL-VaPUC |9 445441 | |
| 650 | 7 | |a ECONOMIA COREANA |2 CL-VaPUC |9 428310 | |
| 650 | 7 | |a RELACIONES ECONOMICAS INTERNACIONALES |2 CL-VaPUC |9 315315 | |
| 650 | 7 | |a COMERCIO INTERNACIONAL |2 CL-VaPUC |9 463089 | |
| 583 | |a last modification |c 20011012 00:00:00 |k Rodrigo Vera | ||
| 490 | 0 | |a Estudio, 1. Japón y Corea | |
| 999 | |c 297648 |d 297646 | ||
| 952 | |0 0 |1 0 |4 0 |6 330_950000000000000_FUN_2001 |7 0 |8 A |9 352565 |a BIBGIM |b BIBGIM |d 2019-11-21 |i 374566K |o 330.95 FUN 2001 |p 374566K |r 2025-01-15 |w 2019-11-21 |y BK |k GIM | ||